000 00487cam a22001217a 4500
008 180718b1965 xxu||||| |||| 00| 0 eng d
082 _aA81x54 In2/61/Vol 2/Pt 6-32
100 _aCensus of India 1961
245 _aAndhra Pradesh: village survey monographs, a monograph on Mantsala (Mantralayam) (Adoni taluk, Kurnool district)
260 _aDelhi
_bThe Manager of Publications
_c1965
300 _a186+p.
440 _aCensus of India 1961. Volume II, Andhra Pradesh. Part VI. Serial No. 32
999 _c484010
_d484010